00811 a2200205 4500020001800000020001500018020001800033020001500051040001300066082001100079100001400090245006600104260005800170300003500228490004200263650002000305856008300325856009100408856010600499 a9780198566724 a0198566727 a9780198566731 a0198566735 aDLCbDLC00a535.151 aFox, Mark10aQuantum optics: an introduction ban introduction cMark Fox. aOxford ;aNew York :bOxford University Press,c2006. axvii, 378 p. :bill. ;c26 cm.0 aOxford master series in physics ;v15 0aQuantum optics.413Table of contents onlyuhttp://www.loc.gov/catdir/toc/ecip0518/2005025707.html413Publisher descriptionuhttp://www.loc.gov/catdir/enhancements/fy0637/2005025707-d.html413Contributor biographical informationuhttp://www.loc.gov/catdir/enhancements/fy0724/2005025707-b.html